[Event "Turkey Cup 2019"]
[Site "Belek"]
[Date "2019.01.28"]
[Round "3.95"]
[White "Karakaya, Mehmet"]
[Black "Dinc, Melih"]
[Result "1/2-1/2"]
[WhiteElo "1494"]
[BlackElo "1729"]
[Annotator "NA RC"]
[PlyCount "116"]
[EventDate "2019.01.27"]
[EventType "swiss"]
[EventCountry "TUR"]
[SourceTitle "playchess.com"]
[Source "ChessBase"]
[SourceQuality "1"]

1. d4 Nf6 2. Nf3 d5 3. Bg5 e6 4. Nbd2 Nbd7 5. e3 c6 6. Bd3 Be7 7. O-O O-O 8. Ne5 h6 9. Bh4 Nxe5 10. dxe5 Nd7 11. Bxe7 Qxe7 12. f4 f5 13. Qh5 Nc5 14. Be2 Qf7 15. Qxf7+ Kxf7 16. c3 b6 17. b4 Ba6 18. Bxa6 Nxa6 19. Rac1 Rac8 20. a3 c5 21. Nb3 Rc7 22. Kf2 Rfc8 23. Ke2 cxb4 24. cxb4 Rxc1 25. Rxc1 Rxc1 26. Nxc1 Nc7 27. a4 Na6 28. Nd3 Ke7 29. Kd2 Nb8 30. Kc3 Kd7 31. Nb2 Kc6 32. Nd3 a6 33. Kd4 Nd7 34. Kc3 Nf8 35. Ne1 g5 36. g3 g4 37. Nd3 h5 38. Nf2 Ng6 39. Nd3 h4 40. Nf2 hxg3 41. hxg3 Ne7 42. Nd3 d4+ 43. Kxd4 Nd5 44. e4 fxe4 45. Kxe4 Nc3+ 46. Ke3 Nxa4 47. Nf2 Nc3 48. Nxg4 Nd5+ 49. Kd4 Nxb4 50. Ne3 Kd7 51. g4 Nc6+ 52. Kd3 Ne7 53. f5 exf5 54. gxf5 Nc6 55. Ke4 b5 56. Kd5 Nb4+ 57. Kc5 Nd3+ 58. Kd4 Nb4 1/2-1/2

[Event "Turkey Cup 2019"]
[Site "Belek"]
[Date "2019.01.28"]
[Round "3.96"]
[White "Yenil, Mucahit"]
[Black "Pulat, Gulce"]
[Result "1-0"]
[WhiteElo "1714"]
[BlackElo "1554"]
[Annotator "NA RC"]
[PlyCount "89"]
[EventDate "2019.01.27"]
[EventType "swiss"]
[EventCountry "TUR"]
[SourceTitle "playchess.com"]
[Source "ChessBase"]
[SourceQuality "1"]

1. e4 e5 2. Nf3 Nc6 3. Bb5 a6 4. Ba4 Nf6 5. O-O b5 6. Bb3 Be7 7. Re1 O-O 8. c3 d6 9. d3 Na5 10. Bc2 c5 11. Nbd2 Re8 12. Nf1 Bf8 13. b4 cxb4 14. cxb4 Nc6 15. Bd2 Bg4 16. h3 Bxf3 17. Qxf3 Nd4 18. Qd1 Nxc2 19. Qxc2 Rc8 20. Qb3 g6 21. Bg5 Bg7 22. Ne3 h6 23. Bxf6 Qxf6 24. a4 Qe6 25. Nd5 Bf6 26. axb5 axb5 27. Ra5 Rb8 28. Rc1 Bd8 29. Ra6 Bg5 30. Rcc6 Red8 31. Qa2 Rbc8 32. Qa5 Rxc6 33. Rxc6 Rc8 34. Qxb5 Qd7 35. Rxc8+ Qxc8 36. Qc4 Qa8 37. g3 Bd2 38. Qc2 Bg5 39. b5 Bd8 40. Qc6 Qa1+ 41. Kg2 Ba5 42. b6 Be1 43. b7 Qd4 44. b8=Q+ Kg7 45. Qc2 1-0

[Event "Turkey Cup 2019"]
[Site "Belek"]
[Date "2019.01.29"]
[Round "4.1"]
[White "Yilmazyerli, Mert"]
[Black "Yeke, Serkan"]
[Result "1-0"]
[WhiteElo "2436"]
[BlackElo "2117"]
[Annotator "TA"]
[PlyCount "31"]
[EventDate "2019.01.27"]
[EventType "swiss"]
[EventCountry "TUR"]
[SourceTitle "playchess.com"]
[Source "ChessBase"]
[SourceQuality "1"]

1. Nf3 c5 2. c4 Nc6 3. Nc3 Nf6 4. e3 e5 5. d4 cxd4 6. exd4 e4 7. Ne5 Bb4 8. Be2 O-O 9. O-O Qa5 10. c5 d5 11. Nb5 a6 12. Nxc6 bxc6 13. Nd6 Qd8 14. Nxc8 Rxc8 15. Bxa6 Rb8 16. Bf4 1-0

[Event "Turkey Cup 2019"]
[Site "Belek"]
[Date "2019.01.29"]
[Round "4.2"]
[White "Kamer, Kayra"]
[Black "Karaoglan, Doruk"]
[Result "1-0"]
[WhiteElo "2417"]
[BlackElo "2142"]
[Annotator "TA"]
[PlyCount "85"]
[EventDate "2019.01.27"]
[EventType "swiss"]
[EventCountry "TUR"]
[SourceTitle "playchess.com"]
[Source "ChessBase"]
[SourceQuality "1"]

1. c4 e5 2. a3 Nc6 3. b4 g6 4. Bb2 Bg7 5. e3 d6 6. Nf3 f5 7. d4 e4 8. Nfd2 Nf6 9. Nc3 O-O 10. Be2 Ne7 11. O-O d5 12. cxd5 Nexd5 13. Rc1 Kh8 14. Bc4 Be6 15. Qe2 Qe7 16. b5 Rae8 17. Nxd5 Nxd5 18. Bxd5 Bxd5 19. Rc5 Qd8 20. Rfc1 Rf7 21. Nb1 b6 22. R5c3 Bh6 23. g3 g5 24. Qh5 Kg7 25. Rc6 Bxc6 26. Rxc6 Qd5 27. Rxh6 Kf8 28. a4 Re6 29. Rxh7 Rxh7 30. Qxh7 Qb3 31. Qxf5+ Ke8 32. Nd2 Qa2 33. d5 Re7 34. Qg6+ Kf8 35. Qf6+ Ke8 36. Qd4 g4 37. Kg2 Rd7 38. Qxe4+ Kf8 39. Qf5+ Ke8 40. Qe6+ Re7 41. Qg8+ Kd7 42. Qxg4+ Ke8 43. Qd4 1-0

[Event "Turkey Cup 2019"]
[Site "Belek"]
[Date "2019.01.29"]
[Round "4.3"]
[White "Ererdem, Gani Eren"]
[Black "Arat, Ufuk Sezen"]
[Result "1/2-1/2"]
[WhiteElo "2137"]
[BlackElo "2361"]
[Annotator "NA"]
[PlyCount "61"]
[EventDate "2019.01.27"]
[EventType "swiss"]
[EventCountry "TUR"]
[SourceTitle "playchess.com"]
[Source "ChessBase"]
[SourceQuality "1"]

1. Nf3 Nf6 2. g3 b5 3. Bg2 Bb7 4. Na3 b4 5. Nc4 e6 6. d3 d5 7. Nce5 Bd6 8. c4 O-O 9. O-O c5 10. d4 Nbd7 11. Bf4 Nb6 12. dxc5 Bxc5 13. Nd3 Be7 14. c5 Nbd7 15. Rc1 Rc8 16. Nxb4 Nxc5 17. Nd3 Nxd3 18. Rxc8 Qxc8 19. exd3 Ba6 20. Qb3 Nd7 21. Rc1 Nc5 22. Qd1 Qe8 23. Bf1 Nb7 24. d4 Bxf1 25. Qxf1 Bd6 26. Bxd6 Nxd6 27. Qa6 Qb8 28. b3 Nf5 29. Kg2 h6 30. Qa5 Rc8 31. Rc5 1/2-1/2

[Event "Turkey Cup 2019"]
[Site "Belek"]
[Date "2019.01.29"]
[Round "4.4"]
[White "Olcum, Ahmet"]
[Black "Guven, Oguz Kagan"]
[Result "1-0"]
[WhiteElo "2320"]
[BlackElo "2087"]
[Annotator "NA"]
[PlyCount "49"]
[EventDate "2019.01.27"]
[EventType "swiss"]
[EventCountry "TUR"]
[SourceTitle "playchess.com"]
[Source "ChessBase"]
[SourceQuality "1"]

1. d4 Nf6 2. Bf4 d5 3. e3 c5 4. c3 Nc6 5. Nd2 Bf5 6. Ngf3 Qb6 7. Nh4 Bd7 8. Qb3 c4 9. Qc2 Nh5 10. Bg3 e6 11. Be2 Nxg3 12. hxg3 Qd8 13. e4 Be7 14. Bf3 g5 15. exd5 gxh4 16. dxc6 Bxc6 17. Bxc6+ bxc6 18. gxh4 Qd5 19. O-O-O Qxg2 20. Nxc4 Bxh4 21. Rdg1 Qd5 22. Ne5 Bf6 23. Nxf7 Rf8 24. Rxh7 Qxa2 25. Qg6 1-0

[Event "Turkey Cup 2019"]
[Site "Belek"]
[Date "2019.01.29"]
[Round "4.5"]
[White "Korkmaz, Necmettin"]
[Black "Ozenir, Ekin Baris"]
[Result "1/2-1/2"]
[WhiteElo "2053"]
[BlackElo "2267"]
[Annotator "NA"]
[PlyCount "118"]
[EventDate "2019.01.27"]
[EventType "swiss"]
[EventCountry "TUR"]
[SourceTitle "playchess.com"]
[Source "ChessBase"]
[SourceQuality "1"]

1. e4 e6 2. d3 d5 3. Nd2 c5 4. Ngf3 Nc6 5. g3 Bd6 6. Bg2 Nge7 7. O-O O-O 8. Re1 Qc7 9. c3 b6 10. Qe2 Ng6 11. Ng5 d4 12. f4 h6 13. e5 Be7 14. Nge4 dxc3 15. bxc3 Ba6 16. Nc4 Rad8 17. Ned6 b5 18. Nd2 b4 19. N2c4 bxc3 20. Be3 Bxc4 21. Nxc4 Nb4 22. Be4 Rfe8 23. Rac1 Nd5 24. Bf2 Nf8 25. Qf3 g6 26. g4 Nd7 27. Bg3 N7b6 28. f5 Bg5 29. Rc2 Nxc4 30. dxc4 Nb4 31. fxg6 fxg6 32. Bxg6 Rf8 33. Qxc3 Nxc2 34. Qxc2 Rd2 35. Qe4 Rd4 36. Qc2 Qb7 37. Be4 Qf7 38. Bg2 Qg7 39. h3 h5 40. Re4 h4 41. Be1 Rfd8 42. Qe2 Rd1 43. Kh2 Qh6 44. Bf3 Bf4+ 45. Kg2 Bg3 46. g5 Qg7 47. Ba5 R8d3 48. Qxd1 Rxd1 49. Bxd1 Kf7 50. Bd8 Kg8 51. Bf6 Qd7 52. Bg4 Qc6 53. Bf3 Qa6 54. g6 Qxa2+ 55. Re2 Qb1 56. Rd2 Qxg6 57. Rd8+ Kf7 58. Rd7+ Kf8 59. Rd8+ Kf7 1/2-1/2

[Event "Turkey Cup 2019"]
[Site "Belek"]
[Date "2019.01.29"]
[Round "4.6"]
[White "Tarlabasi, Emirhan"]
[Black "Kizilkus, Akin"]
[Result "1-0"]
[WhiteElo "2264"]
[BlackElo "2100"]
[Annotator "NA"]
[PlyCount "79"]
[EventDate "2019.01.27"]
[EventType "swiss"]
[EventCountry "TUR"]
[SourceTitle "playchess.com"]
[Source "ChessBase"]
[SourceQuality "1"]

1. d4 Nf6 2. Nf3 g6 3. Nbd2 d5 4. b4 Bg7 5. Bb2 O-O 6. e3 Nbd7 7. Bd3 b6 8. b5 Bb7 9. c4 dxc4 10. Nxc4 c6 11. bxc6 Bxc6 12. O-O Rc8 13. Rc1 Rc7 14. Ba3 Re8 15. Nce5 Nxe5 16. Nxe5 Ba8 17. Qa4 Nd5 18. Bb5 Rf8 19. Nc6 Qc8 20. Nxa7 Qg4 21. Nc6 Rfc8 22. Rc2 Bb7 23. Rfc1 h5 24. h3 Qg5 25. Qb3 h4 26. Qd3 Kh7 27. Qb3 Kg8 28. Ba4 Kh7 29. Kh1 Bf6 30. Qb5 Kg7 31. e4 Nf4 32. Qxg5 Bxg5 33. d5 Nxd5 34. exd5 Bxc1 35. Bxc1 e6 36. Bf4 Rd7 37. d6 f6 38. Nb4 Rxc2 39. Nxc2 Rd8 40. d7 1-0

[Event "Turkey Cup 2019"]
[Site "Belek"]
[Date "2019.01.29"]
[Round "4.7"]
[White "Erdogan, Anil Berk"]
[Black "Gunduz, Umut Erdem"]
[Result "1/2-1/2"]
[WhiteElo "2090"]
[BlackElo "2255"]
[Annotator "NA"]
[PlyCount "69"]
[EventDate "2019.01.27"]
[EventType "swiss"]
[EventCountry "TUR"]
[SourceTitle "playchess.com"]
[Source "ChessBase"]
[SourceQuality "1"]

1. d4 Nf6 2. c4 e5 3. dxe5 Ng4 4. Bf4 Nc6 5. Nf3 Bb4+ 6. Nbd2 Qe7 7. e3 Ngxe5 8. Nxe5 Nxe5 9. a3 Bxd2+ 10. Qxd2 O-O 11. Be2 d6 12. O-O b6 13. b4 Bb7 14. c5 dxc5 15. bxc5 Rad8 16. Qc3 Ng6 17. Bg3 Rd5 18. cxb6 cxb6 19. Qb4 Rc5 20. Rfd1 Rd8 21. Rxd8+ Qxd8 22. Rd1 Rd5 23. Rxd5 Qxd5 24. Bf3 Qd7 25. Qg4 Qd3 26. h4 f5 27. Qa4 Bxf3 28. gxf3 h5 29. Qxa7 b5 30. Qc5 Kf7 31. e4 Ne7 32. Bd6 Qxf3 33. Bxe7 Qg4+ 34. Kh2 Qf4+ 35. Kg1 1/2-1/2

[Event "Turkey Cup 2019"]
[Site "Belek"]
[Date "2019.01.29"]
[Round "4.8"]
[White "Pektas, Yigit"]
[Black "Kiremitciyan, Ari"]
[Result "0-1"]
[WhiteElo "2019"]
[BlackElo "2253"]
[Annotator "NA"]
[PlyCount "88"]
[EventDate "2019.01.27"]
[EventType "swiss"]
[EventCountry "TUR"]
[SourceTitle "playchess.com"]
[Source "ChessBase"]
[SourceQuality "1"]

1. d4 Nf6 2. c4 g6 3. g3 c6 4. Bg2 d5 5. Nd2 Bg7 6. Ngf3 O-O 7. O-O Ne4 8. Qb3 a5 9. cxd5 cxd5 10. Ne5 a4 11. Qe3 Nf6 12. Ndf3 Ne4 13. Nd2 Nf6 14. Qf4 Qb6 15. Qh4 Nc6 16. Ndf3 Bf5 17. g4 Nxe5 18. gxf5 Nxf3+ 19. Bxf3 Rac8 20. Kh1 Rc4 21. Be3 Rc2 22. b3 axb3 23. axb3 Qxb3 24. Ra5 Rfc8 25. Rfa1 Qb6 26. Qg3 Rb2 27. Ra8 Rbc2 28. Qe5 Qd8 29. R8a7 Ng4 30. Qf4 Nxe3 31. fxe3 R2c7 32. Rb1 Qd7 33. Bg4 gxf5 34. Bxf5 e6 35. Bd3 Rc1+ 36. Rxc1 Rxc1+ 37. Kg2 Rc7 38. Qh4 h6 39. Qg3 Qc8 40. Qd6 e5 41. h3 e4 42. Bb5 Rc3 43. Bd7 Qd8 44. Rxb7 Qg5+ 0-1

[Event "Turkey Cup 2019"]
[Site "Belek"]
[Date "2019.01.29"]
[Round "4.9"]
[White "Kilic, Efe Mert"]
[Black "Ozsakallioglu, Akin"]
[Result "1-0"]
[WhiteElo "2241"]
[BlackElo "1957"]
[Annotator "NA"]
[PlyCount "81"]
[EventDate "2019.01.27"]
[EventType "swiss"]
[EventCountry "TUR"]
[SourceTitle "playchess.com"]
[Source "ChessBase"]
[SourceQuality "1"]

1. e4 c5 2. Nf3 d6 3. d4 cxd4 4. Nxd4 Nf6 5. Nc3 g6 6. Bc4 Bg7 7. Bb3 a6 8. O-O O-O 9. h3 Nc6 10. Be3 Na5 11. Qe2 Nxb3 12. axb3 e5 13. Nf3 Qc7 14. Qc4 Qxc4 15. bxc4 Be6 16. b3 b5 17. Nd2 Rfc8 18. Nd5 Nxd5 19. exd5 Bf5 20. Ra2 h5 21. f3 h4 22. Bg5 f6 23. Be3 Bf8 24. Rfa1 Rab8 25. Rc1 Ra8 26. Kf2 Be7 27. Ke2 Rcb8 28. Rca1 Bc8 29. c5 dxc5 30. Ne4 f5 31. Bxc5 Bxc5 32. Nxc5 Rb6 33. c4 Kf7 34. Nd3 e4 35. Ne5+ Kf6 36. c5 Kxe5 37. cxb6 Kxd5 38. Rc2 Rb8 39. Rd1+ Ke5 40. Rd8 exf3+ 41. gxf3 1-0

[Event "Turkey Cup 2019"]
[Site "Belek"]
[Date "2019.01.29"]
[Round "4.10"]
[White "Buker, Muhittin"]
[Black "Yuksel, Atilla Koksal"]
[Result "1/2-1/2"]
[WhiteElo "1978"]
[BlackElo "2236"]
[Annotator "TA"]
[PlyCount "56"]
[EventDate "2019.01.27"]
[EventType "swiss"]
[EventCountry "TUR"]
[SourceTitle "playchess.com"]
[Source "ChessBase"]
[SourceQuality "1"]

1. d4 e6 2. c4 b6 3. Nc3 Bb7 4. Nf3 f5 5. g3 Nf6 6. Bg2 g6 7. O-O Bg7 8. d5 O-O 9. Bf4 Na6 10. Qd2 Nc5 11. dxe6 Nxe6 12. Bh6 Re8 13. Bxg7 Kxg7 14. b4 Ne4 15. Nxe4 Bxe4 16. Rfd1 d6 17. e3 a5 18. a3 axb4 19. axb4 Qf6 20. Nd4 Nxd4 21. Rxa8 Bxg2 22. Kxg2 Rxa8 23. Qxd4 Qxd4 24. Rxd4 Ra4 25. b5 Kf6 26. h4 Ke7 27. Kf3 d5 28. c5 Rxd4 1/2-1/2

[Event "Turkey Cup 2019"]
[Site "Belek"]
[Date "2019.01.29"]
[Round "4.11"]
[White "Aydincelebi, Kagan"]
[Black "Demircin, Kasim"]
[Result "1-0"]
[WhiteElo "2206"]
[BlackElo "1878"]
[Annotator "NA"]
[PlyCount "83"]
[EventDate "2019.01.27"]
[EventType "swiss"]
[EventCountry "TUR"]
[SourceTitle "playchess.com"]
[Source "ChessBase"]
[SourceQuality "1"]

1. e4 e5 2. Nf3 Nc6 3. Bb5 Nf6 4. O-O Nxe4 5. Re1 Nd6 6. Nxe5 Be7 7. Bf1 Nxe5 8. Rxe5 O-O 9. d4 Bf6 10. Re1 Nf5 11. c3 d5 12. Bd3 c6 13. Nd2 Nd6 14. Qc2 g6 15. Nf3 Bf5 16. Bf4 Bxd3 17. Qxd3 Bg7 18. Re2 Ne4 19. Rae1 Qd7 20. Ng5 Qg4 21. Nxe4 Qxf4 22. Nc5 b6 23. Nb3 Bf6 24. Qa6 Qc7 25. a4 Kg7 26. a5 h5 27. Qd3 Rad8 28. Rc1 c5 29. Qb5 cxd4 30. cxd4 Qf4 31. Rc3 Bxd4 32. g3 Qf6 33. Rc6 a6 34. Qa4 Rd6 35. Rxd6 Bxf2+ 36. Rxf2 Qxd6 37. Qd4+ Kg8 38. axb6 Rb8 39. Rf6 Qe7 40. Nc5 Qe1+ 41. Rf1 Qa5 42. b7 1-0

[Event "Turkey Cup 2019"]
[Site "Belek"]
[Date "2019.01.29"]
[Round "4.12"]
[White "Ozkan, Ervin"]
[Black "Aydogdu, Cagatay"]
[Result "1-0"]
[WhiteElo "2150"]
[BlackElo "1727"]
[Annotator "NA"]
[PlyCount "79"]
[EventDate "2019.01.27"]
[EventType "swiss"]
[EventCountry "TUR"]
[SourceTitle "playchess.com"]
[Source "ChessBase"]
[SourceQuality "1"]

1. d4 d5 2. Nf3 g6 3. Bf4 Bg7 4. e3 Bg4 5. Nbd2 c6 6. c4 Nf6 7. Qb3 Qb6 8. c5 Qxb3 9. axb3 Bxf3 10. Nxf3 Nbd7 11. b4 O-O 12. b5 Nh5 13. bxc6 bxc6 14. Bc7 Rfc8 15. Ba5 e5 16. g4 Nhf6 17. g5 Ne4 18. Bh3 Nxg5 19. Nxg5 f5 20. Nf3 exd4 21. exd4 Re8+ 22. Kf1 Re4 23. Bc3 Rf4 24. Bg2 Nf6 25. Bd2 Re4 26. Ne5 Rxd4 27. Bc3 Rf4 28. Nxc6 Ng4 29. Bxd5+ Kh8 30. Bxg7+ Kxg7 31. Kg1 Re8 32. Rxa7+ Kh6 33. Ne7 Nf6 34. Kg2 Rd8 35. Rd1 Ne4 36. f3 Nxc5 37. Kg3 Rb4 38. h4 f4+ 39. Kg4 Nb7 40. Re1 1-0

[Event "Turkey Cup 2019"]
[Site "Belek"]
[Date "2019.01.29"]
[Round "4.13"]
[White "Kocak, Can"]
[Black "Gulbeyaz, Emir"]
[Result "0-1"]
[WhiteElo "1994"]
[BlackElo "2179"]
[Annotator "NA"]
[PlyCount "128"]
[EventDate "2019.01.27"]
[EventType "swiss"]
[EventCountry "TUR"]
[SourceTitle "playchess.com"]
[Source "ChessBase"]
[SourceQuality "1"]

1. e4 d6 2. d4 Nf6 3. Nc3 e5 4. Nf3 Nbd7 5. Bc4 Be7 6. O-O O-O 7. Re1 c6 8. a4 a5 9. h3 Qc7 10. Be3 exd4 11. Nxd4 Nc5 12. Qf3 Re8 13. Nf5 Be6 14. Bxc5 dxc5 15. Bxe6 fxe6 16. Ne3 Rf8 17. Qe2 Bd6 18. Nc4 Bh2+ 19. Kh1 Be5 20. Nxe5 Qxe5 21. Rad1 Rad8 22. g3 g5 23. Rxd8 Rxd8 24. Qe3 g4 25. Qh6 Rd4 26. Kg2 gxh3+ 27. Kxh3 Nxe4 28. Nxe4 Rxe4 29. Rxe4 Qxe4 30. Qg5+ Kf7 31. Qxc5 Kg6 32. Kh2 Qxa4 33. Qe7 Qe4 34. Qe8+ Kg5 35. Qd8+ Kg4 36. Qxa5 Qxc2 37. Qb4+ Kf3 38. Qf4+ Ke2 39. Kg2 Kd1 40. Qd6+ Kc1 41. b4 Qe4+ 42. Kh2 b5 43. Qc5+ Kd2 44. Kg1 e5 45. Kh2 Ke2 46. Kg1 h5 47. Qc3 Qb1+ 48. Kh2 Kxf2 49. Qc5+ Kf3 50. Qxc6+ e4 51. Qf6+ Ke2 52. Qf5 Qd3 53. Qxh5+ Kf2 54. Qf7+ Qf3 55. Qa2+ Qe2 56. Qf7+ Ke1+ 57. Kg1 e3 58. Qb3 Qf2+ 59. Kh1 Qf3+ 60. Kg1 Qxg3+ 61. Kh1 Qf3+ 62. Kg1 Qg4+ 63. Kh1 Kf2 64. Qa2+ Qe2 0-1

[Event "Turkey Cup 2019"]
[Site "Belek"]
[Date "2019.01.29"]
[Round "4.14"]
[White "Deniz, Medeni"]
[Black "Gokerkan, Cem Kaan"]
[Result "0-1"]
[WhiteElo "1933"]
[BlackElo "2420"]
[Annotator "TA"]
[PlyCount "138"]
[EventDate "2019.01.27"]
[EventType "swiss"]
[EventCountry "TUR"]
[SourceTitle "playchess.com"]
[Source "ChessBase"]
[SourceQuality "1"]

1. a3 g6 2. Ra2 Bg7 3. Nf3 e5 4. d3 d5 5. b3 Nc6 6. g3 Nge7 7. Bg2 O-O 8. O-O h6 9. e4 Be6 10. Nbd2 a5 11. Rb2 d4 12. a4 Qd7 13. Re1 Rae8 14. Rb1 Bh3 15. Ba3 b6 16. Qe2 Bg4 17. Qf1 Kh7 18. h3 Be6 19. Kh2 f6 20. Qe2 Rf7 21. Nh4 Nb4 22. Bxb4 axb4 23. f4 f5 24. exf5 Nxf5 25. Nxf5 Rxf5 26. Be4 Rff8 27. Qg2 exf4 28. gxf4 Qf7 29. Rf1 Bf5 30. Rf2 Bf6 31. Rg1 Bh4 32. Rff1 Bf6 33. Qf3 Qe6 34. Rg2 Re7 35. Rfg1 Rg7 36. Re2 Be7 37. Nc4 Qf6 38. Rf1 Bd6 39. Nxd6 Qxd6 40. Qg3 Re7 41. Rff2 Ref7 42. Kg2 Rf6 43. Rf3 R8f7 44. Ref2 Re7 45. Bxf5 Rxf5 46. h4 Qc6 47. Kh3 Qe6 48. Kh2 Qf6 49. Kh3 Qe6 50. Kg2 Qc6 51. Kh3 Re1 52. Rh2 Qe6 53. Kg2 Rc1 54. Rf2 Qc6+ 55. Kh3 Qe6 56. Kg2 Qc6+ 57. Kh3 Qd7 58. Kg2 Rc5 59. h5 Qc6+ 60. Qf3 R1xc2 61. Kg3 Qxf3+ 62. Kxf3 Rxf2+ 63. Rxf2 Rxh5 64. Ke4 Rf5 65. Kxd4 g5 66. Rc2 Rxf4+ 67. Kd5 c5 68. a5 Rd4+ 69. Kc6 bxa5 0-1

[Event "Turkey Cup 2019"]
[Site "Belek"]
[Date "2019.01.29"]
[Round "4.15"]
[White "Gazioglu, Halit"]
[Black "Ozen, Bahadir"]
[Result "0-1"]
[WhiteElo "1909"]
[BlackElo "2349"]
[Annotator "NA"]
[PlyCount "134"]
[EventDate "2019.01.27"]
[EventType "swiss"]
[EventCountry "TUR"]
[SourceTitle "playchess.com"]
[Source "ChessBase"]
[SourceQuality "1"]

1. Nf3 d5 2. d4 Nf6 3. c4 e6 4. Nc3 Be7 5. cxd5 exd5 6. Bg5 c6 7. Qc2 O-O 8. e3 Nbd7 9. Bd3 Re8 10. O-O Nf8 11. Rab1 a5 12. a3 Ng6 13. b4 axb4 14. axb4 Bd6 15. h3 h6 16. Bxf6 Qxf6 17. e4 Nh4 18. Nxh4 Qxh4 19. e5 Bf8 20. Ne2 Bd7 21. Bh7+ Kh8 22. Bf5 Bxf5 23. Qxf5 Kg8 24. g3 Qe4 25. Qxe4 dxe4 26. Nc3 Rad8 27. Rfd1 f6 28. b5 fxe5 29. d5 cxd5 30. Nxd5 Bc5 31. Rbc1 Bd4 32. Ne3 Rf8 33. Re1 Ra8 34. Re2 Ra5 35. Rb1 b6 36. g4 g6 37. Kg2 Ra4 38. Nd5 Rc4 39. h4 Bc5 40. Rbe1 Rf3 41. g5 hxg5 42. hxg5 Kf7 43. Nf6 Rf4 44. Nxe4 Bb4 45. f3 Bxe1 46. Nd6+ Ke6 47. Nxc4 Rxc4 48. Rxe1 Kf5 49. Kg3 Rb4 50. Rc1 Rxb5 51. Rc8 Rb4 52. Re8 b5 53. Re7 Rb3 54. Re8 b4 55. Re7 Rc3 56. Rb7 b3 57. Rb5 Rd3 58. Kh4 Kf4 59. Rb6 Rd1 60. Rb4+ e4 61. Kh3 Kxf3 62. Rxb3+ e3 63. Kh2 Kf2 64. Rb6 e2 65. Rf6+ Ke3 66. Re6+ Kd3 67. Rxe2 Kxe2 0-1

[Event "Turkey Cup 2019"]
[Site "Belek"]
[Date "2019.01.29"]
[Round "4.16"]
[White "Ozveren, Ali Bulent"]
[Black "Sevgi, Volkan"]
[Result "0-1"]
[WhiteElo "1906"]
[BlackElo "2292"]
[Annotator "NA"]
[PlyCount "34"]
[EventDate "2019.01.27"]
[EventType "swiss"]
[EventCountry "TUR"]
[SourceTitle "playchess.com"]
[Source "ChessBase"]
[SourceQuality "1"]

1. d4 Nf6 2. Nf3 d5 3. c4 e6 4. Nc3 Be7 5. e3 a6 6. cxd5 exd5 7. Bd3 O-O 8. O-O Nbd7 9. b3 Bd6 10. Bb2 c6 11. Qc2 Re8 12. Rac1 Qe7 13. Bf5 g6 14. Bh3 Qf8 15. Rfe1 Qh6 16. e4 dxe4 17. Bxd7 exf3 0-1

[Event "Turkey Cup 2019"]
[Site "Belek"]
[Date "2019.01.29"]
[Round "4.17"]
[White "Metin, Mehmet"]
[Black "Gallevci, Yagiz"]
[Result "0-1"]
[WhiteElo "2197"]
[BlackElo "2034"]
[Annotator "NA"]
[PlyCount "164"]
[EventDate "2019.01.27"]
[EventType "swiss"]
[EventCountry "TUR"]
[SourceTitle "playchess.com"]
[Source "ChessBase"]
[SourceQuality "1"]

1. Nf3 Nf6 2. c4 c6 3. d4 d5 4. cxd5 cxd5 5. Nc3 Nc6 6. Bf4 Bf5 7. e3 e6 8. Bd3 Bxd3 9. Qxd3 Bd6 10. Bxd6 Qxd6 11. O-O O-O 12. Rfc1 Rfc8 13. g3 b6 14. Kg2 a6 15. Na4 Nd7 16. Nd2 Qb4 17. b3 Qa3 18. Qc2 Na7 19. Qb2 Nb5 20. Nf3 f6 21. Qd2 Nd6 22. Ne1 Ne4 23. Qb2 Qxb2 24. Nxb2 Kf7 25. Ned3 a5 26. f3 Nd6 27. Na4 Nb5 28. Kf2 Ke7 29. Ke2 Kd6 30. Rxc8 Rxc8 31. Rc1 Rxc1 32. Nxc1 e5 33. Kd3 Nc7 34. Nc3 b5 35. a3 Nb8 36. N1e2 Nc6 37. Na2 b4 38. a4 Ne6 39. Nac1 f5 40. f4 e4+ 41. Kd2 g5 42. h4 gxh4 43. gxh4 Ne7 44. Ng3 Ng7 45. h5 h6 46. Nce2 Ng8 47. Ng1 Nf6 48. Nh3 Nfxh5 49. Nf1 Ne6 50. Ke2 Nf8 51. Kf2 Nd7 52. Nd2 Nf8 53. Nf1 Ng6 54. Nd2 Nf6 55. Ke2 Ng4 56. Nf1 Nh4 57. Kd2 Ke6 58. Ke2 Kf7 59. Nf2 Kg6 60. Nh3 Nf3 61. Ng3 h5 62. Nh1 h4 63. N1f2 Kh5 64. Nd1 Kg6 65. Nhf2 Nf6 66. Nh3 Nh5 67. Ndf2 Ng3+ 68. Kd1 Kh5 69. Kc1 Ne2+ 70. Kd1 Neg1 71. Nxg1 Nxg1 72. Ke1 h3 73. Kf1 h2 74. Kg2 Nf3 75. Nh3 Kg4 76. Nf2+ Kh4 77. Nh1 Nd2 78. Kxh2 Nxb3 79. Ng3 Kg4 80. Kg2 Nd2 81. Ne2 b3 82. Nc3 b2 0-1

[Event "Turkey Cup 2019"]
[Site "Belek"]
[Date "2019.01.29"]
[Round "4.18"]
[White "Eren, Alper"]
[Black "Eren, Ataberk"]
[Result "0-1"]
[WhiteElo "1919"]
[BlackElo "2171"]
[Annotator "NA"]
[PlyCount "106"]
[EventDate "2019.01.27"]
[EventType "swiss"]
[EventCountry "TUR"]
[SourceTitle "playchess.com"]
[Source "ChessBase"]
[SourceQuality "1"]

1. e4 e6 2. d4 d5 3. Nc3 Nf6 4. Bg5 dxe4 5. Nxe4 Be7 6. Bxf6 gxf6 7. Nf3 b6 8. Bb5+ c6 9. Bd3 Bb7 10. Qe2 Nd7 11. Ba6 Qc8 12. Bxb7 Qxb7 13. O-O-O O-O-O 14. Kb1 Rhg8 15. Rhe1 f5 16. Ng3 Bd6 17. Ne5 Nxe5 18. dxe5 Bc5 19. Qf3 Qc7 20. a3 a5 21. Nh5 Kb7 22. Nf4 Bd4 23. Nd3 b5 24. g3 Bb6 25. Qh5 c5 26. Qf3+ Qc6 27. Qxc6+ Kxc6 28. Nf4 c4 29. f3 Rxd1+ 30. Rxd1 Rd8 31. Rxd8 Bxd8 32. c3 Bc7 33. Kc2 Bxe5 34. Ne2 Kc5 35. Nc1 Bg7 36. Ne2 e5 37. Kd2 Kd5 38. Ke3 Bf8 39. Kd2 Bc5 40. h3 Bf2 41. g4 f4 42. Kd1 Be3 43. Ke1 e4 44. fxe4+ Kxe4 45. Kf1 Kf3 46. g5 Ke4 47. h4 Kf3 48. h5 Ke4 49. h6 Kf3 50. Nd4+ Bxd4 51. cxd4 Ke4 52. Ke2 b4 53. axb4 axb4 0-1

[Event "Turkey Cup 2019"]
[Site "Belek"]
[Date "2019.01.29"]
[Round "4.19"]
[White "Aytekin, Murat Eren"]
[Black "Canbulan, Arda"]
[Result "1-0"]
[WhiteElo "2163"]
[BlackElo "1884"]
[Annotator "NA"]
[PlyCount "62"]
[EventDate "2019.01.27"]
[EventType "swiss"]
[EventCountry "TUR"]
[SourceTitle "playchess.com"]
[Source "ChessBase"]
[SourceQuality "1"]

1. d4 Nf6 2. c4 g6 3. Nc3 Bg7 4. e4 d6 5. f3 O-O 6. Be3 c5 7. d5 a6 8. a4 e6 9. Qd2 exd5 10. cxd5 Re8 11. Be2 Nbd7 12. Nh3 Qa5 13. O-O Ne5 14. Nf2 Rb8 15. h3 Qc7 16. Rae1 c4 17. Bd4 b5 18. axb5 axb5 19. b4 Nh5 20. f4 Nxf4 21. Qxf4 Nd3 22. Qe3 Nxe1 23. Rxe1 Bxd4 24. Qxd4 Qb6 25. Qf6 Qe3 26. Rf1 Rb7 27. Kh1 Qg3 28. Bg4 h5 29. Bxc8 Rxc8 30. Nfd1 Ra8 31. Ne2 Ra2 1-0

[Event "Turkey Cup 2019"]
[Site "Belek"]
[Date "2019.01.29"]
[Round "4.20"]
[White "Koc, Ilkay"]
[Black "Eldemir, Goksu"]
[Result "1-0"]
[WhiteElo "2000"]
[BlackElo "1876"]
[Annotator "NA"]
[PlyCount "61"]
[EventDate "2019.01.27"]
[EventType "swiss"]
[EventCountry "TUR"]
[SourceTitle "playchess.com"]
[Source "ChessBase"]
[SourceQuality "1"]

1. d4 Nf6 2. c4 Nc6 3. Nf3 e6 4. a3 d6 5. Nc3 e5 6. d5 Ne7 7. e4 Ng6 8. Be2 Be7 9. h4 h5 10. Ng5 Ng4 11. g3 c6 12. f3 Nh6 13. Qc2 Bd7 14. Bd2 Qc8 15. f4 exf4 16. gxf4 Ng4 17. Bd3 Bxg5 18. hxg5 Qc7 19. e5 Ne7 20. Ne4 cxd5 21. Nxd6+ Kf8 22. c5 b6 23. b4 Nc6 24. O-O g6 25. Qb2 bxc5 26. bxc5 Rb8 27. Nb5 Qc8 28. e6 Nce5 29. exd7 Qxc5+ 30. Kh1 d4 31. Bb4 1-0